| 000 | 01216nam a22003377a 4500 | ||
|---|---|---|---|
| 003 | CHAP | ||
| 005 | 20220329140326.0 | ||
| 008 | 971013s1973 r 00010 d | ||
| 010 | _a50420 | ||
| 011 | _a51392 | ||
| 035 | _a55542 | ||
| 040 | _cCHAP | ||
| 090 | _aTesis | ||
| 100 | 0 | 0 |
_aRodríguez Chapa, Eduardo. _998396 |
| 245 | _aEstudio preliminar sobre el nemátodo dorado de la papa Heterodera rostochiensis Woll (Nematoda : Heteroderidae) en México | ||
| 260 |
_aChapingo, Méx. : _bEl autor, _c1973 |
||
| 300 |
_a83 h. _b: ilus. ; mapas |
||
| 502 | _aTesis (M. C. Esp. en Fitopatología) -- ENA. Colegio de Postgraduados. Rama de Fitopatología | ||
| 590 |
_aALEPH _b10 _c20130110 _lUCH01 _h1324 |
||
| 590 |
_aBATCH-UPD _b10 _c20130110 _lUCH01 _h0806 |
||
| 590 |
_aBATCH-UPD _b10 _c20130410 _lUCH01 _h0444 |
||
| 590 |
_aBATCH-UPD _b10 _c20130914 _lUCH01 _h1612 |
||
| 590 |
_aCONVERSION _b10 _c20130109 _lUCH01 _h1327 |
||
| 650 | 1 | 4 |
_aHeterodera rostochiensis. _955064 |
| 650 | 1 | 4 |
_aPapa _xEnfermedades por nemátodos. _985230 |
| 901 | _aBK | ||
| 942 | _cFOLL | ||
| 949 |
_bBC _cTES _d-121785 _eTS1 _i55542 _si |
||
| 949 |
_bBC _cTES _d-121786 _eTS2 _fc.2 _i55542 _si |
||
| 949 |
_bBC _cTES _d-121787 _eTS2 _fc.3 _i55542 _si |
||
| 999 |
_c50420 _d50420 |
||